[Event "URU-chTA"]
[Site "Montevideo"]
[Date "2021.10.03"]
[Round "5.3"]
[White "Segovia, Marc"]
[Black "Miller, Ariel"]
[Result "0-1"]
[WhiteElo "1489"]
[BlackElo "1532"]
[PlyCount "110"]
[EventDate "2021.10.01"]
[EventType "team-swiss"]
[EventRounds "5"]
[EventCountry "URU"]
[SourceTitle "EXT 2023"]
[Source "ChessBase"]
[SourceDate "2022.10.05"]
[SourceVersion "1"]
[SourceVersionDate "2022.10.05"]
[SourceQuality "1"]
[WhiteTeam "Udelar"]
[BlackTeam "La Proa"]
[WhiteTeamCountry "URU"]
[BlackTeamCountry "URU"]

1. e4 e5 2. Nf3 Nf6 3. Nc3 Nc6 4. d4 Bb4 5. Bg5 h6 6. Bxf6 Qxf6 7. dxe5 Nxe5 8. Nxe5 Qxe5 9. Qf3 Bxc3+ 10. bxc3 d5 11. 0-0-0 dxe4 12. Qe3 0-0 13. Bc4 Be6 14. Bb3 Rfd8 15. f4 Qa5 16. Kb2 Bxb3 17. cxb3 f5 18. g4 fxg4 19. Qxe4 Re8 20. Qc4+ Kh8 21. Rd5 Qb6 22. Rhd1 c6 23. Rd7 Rad8 24. Rxd8 Rxd8 25. Rxd8+ Qxd8 26. Qe2 h5 27. h3 Qd7 28. hxg4 Qxg4 29. Qe8+ Kh7 30. Qe4+ Qg6 31. f5 Qg4 32. Qc2 Kg8 33. b4 h4 34. Qb3+ Kh7 35. Qf7 h3 36. f6 Qg6 37. Qd7 Qg2+ 38. Kb3 h2 39. f7 h1Q 40. f8Q Qb1+ 41. Kc4 Qgxa2+ 42. Kc5 b6+ 43. Kd6 Qd5+ 44. Kc7 Qxd7+ 45. Kxd7 Qd3+ 46. Kc7 Qxc3 47. Qf5+ g6 48. Qf4 Kg7 49. Kb7 Qf6 50. Qe4 Kf8 51. Kxa7 Qe7+ 52. Qxe7+ Kxe7 53. Kxb6 Kd6 54. b5 cxb5 55. Kxb5 Kd5 0-1

[Event "URU-chTA"]
[Site "Montevideo"]
[Date "2021.10.03"]
[Round "4.3"]
[White "Vazquez, Facundo"]
[Black "Segovia, Marc"]
[Result "1-0"]
[WhiteElo "2153"]
[BlackElo "1489"]
[PlyCount "59"]
[EventDate "2021.10.01"]
[EventType "team-swiss"]
[EventRounds "5"]
[EventCountry "URU"]
[SourceTitle "EXT 2023"]
[Source "ChessBase"]
[SourceDate "2022.10.05"]
[SourceVersion "1"]
[SourceVersionDate "2022.10.05"]
[SourceQuality "1"]
[WhiteTeam "Banco Republica"]
[BlackTeam "Udelar"]
[WhiteTeamCountry "URU"]
[BlackTeamCountry "URU"]

1. d4 d5 2. c4 c6 3. cxd5 cxd5 4. Nc3 Nf6 5. f3 Nc6 6. e4 dxe4 7. d5 Ne5 8. fxe4 Bg4 9. Be2 Bxe2 10. Ngxe2 e6 11. Bf4 Ng6 12. Bg3 Bc5 13. Qb3 0-0 14. 0-0-0 Qb6 15. Qxb6 Bxb6 16. h3 Rac8 17. Kb1 exd5 18. exd5 Rfd8 19. Rd3 Rd7 20. d6 Rcd8 21. b4 a6 22. Na4 Ba7 23. Nec3 b6 24. Rc1 Ne8 25. Nd5 Rxd6 26. Bxd6 Rxd6 27. Rc8 Kf8 28. Nc7 Re6 29. Nxe6+ fxe6 30. Rd7 1-0

[Event "Montevideo Duchamp Cup 4th"]
[Site "Montevideo"]
[Date "2020.02.08"]
[Round "1"]
[White "Torella, Rodolfo"]
[Black "Segovia, Marc"]
[Result "1-0"]
[WhiteElo "2081"]
[BlackElo "1554"]
[PlyCount "77"]
[EventDate "2020.02.08"]
[EventType "swiss"]
[EventRounds "9"]
[EventCountry "URU"]
[SourceTitle "CBM 194 Extra"]
[Source "ChessBase"]
[SourceDate "2020.03.31"]
[SourceVersion "1"]
[SourceVersionDate "2020.03.31"]
[SourceQuality "1"]

1. e4 e6 2. d3 d5 3. Nd2 Nf6 4. Ngf3 Be7 5. g3 c5 6. Bg2 Nc6 7. 0-0 0-0 8. e5 Nd7 9. Re1 Qc7 10. Qe2 Re8 11. Nf1 h6 12. h4 b6 13. Bf4 Qd8 14. N1h2 Bf8 15. c4 Ne7 16. Rad1 Bb7 17. g4 Ng6 18. Bg3 Be7 19. h5 Ngf8 20. d4 Qc7 21. dxc5 Nxc5 22. cxd5 Bxd5 23. Rxd5 exd5 24. e6 Bd6 25. exf7+ Qxf7 26. Ne5 Bxe5 27. Bxe5 Rad8 28. Rd1 Kh8 29. f4 d4 30. Qf2 d3 31. b4 Ncd7 32. Nf3 Nxe5 33. Nxe5 Qe6 34. Bc6 Re7 35. Be4 Rd6 36. Bxd3 Rxd3 37. Rxd3 Qf6 38. Rd8 Rc7 39. Rxf8+ 1-0

[Event "Montevideo Trebejos op U1700"]
[Site "Montevideo"]
[Date "2020.02.03"]
[Round "5"]
[White "Segovia, Marc"]
[Black "Kulik, Nicolas"]
[Result "0-1"]
[WhiteElo "1554"]
[BlackElo "1496"]
[PlyCount "99"]
[EventDate "2020.01.20"]
[EventType "swiss"]
[EventRounds "6"]
[EventCountry "URU"]
[SourceTitle "CBM 195 Extra"]
[Source "ChessBase"]
[SourceDate "2020.05.31"]
[SourceVersion "1"]
[SourceVersionDate "2020.05.31"]
[SourceQuality "1"]

1. d4 e6 2. Bf4 Nf6 3. e3 d5 4. Nf3 c5 5. c3 Nc6 6. Nbd2 Bd6 7. Ne5 cxd4 8. exd4 Qc7 9. Bb5 Bxe5 10. Bxe5 Qe7 11. Bf4 Nd7 12. 0-0 a6 13. Ba4 h6 14. Qg4 g5 15. Be3 f5 16. Qh5+ Qf7 17. Qxf7+ Kxf7 18. f4 g4 19. c4 dxc4 20. Nxc4 b5 21. Nd6+ Ke7 22. Nxc8+ Raxc8 23. Bb3 Nf6 24. Rfe1 Rhd8 25. Rad1 Nd5 26. Bf2 Rd6 27. a4 Nxf4 28. Bg3 Rxd4 29. Rxd4 Nxd4 30. Bh4+ Kf7 31. Ba2 Rc1 32. Rxc1 Nde2+ 33. Kf2 Nxc1 34. Bb1 bxa4 35. Ke3 Nxg2+ 36. Kd2 Nb3+ 37. Kc3 Nxh4 38. Kb4 Nd2 39. Bd3 f4 40. Kc3 Ndf3 41. Bxa6 g3 42. hxg3 fxg3 43. Bf1 g2 44. Bxg2 Nxg2 45. Kb4 h5 46. Kxa4 h4 47. b4 h3 48. b5 h2 49. b6 h1Q 50. b7 0-1

[Event "Montevideo Trebejos op U1700"]
[Site "Montevideo"]
[Date "2020.01.31"]
[Round "4"]
[White "Kiel, Horacio"]
[Black "Segovia, Marc"]
[Result "1-0"]
[WhiteElo "1608"]
[BlackElo "1554"]
[PlyCount "111"]
[EventDate "2020.01.20"]
[EventType "swiss"]
[EventRounds "6"]
[EventCountry "URU"]
[SourceTitle "CBM 195 Extra"]
[Source "ChessBase"]
[SourceDate "2020.05.31"]
[SourceVersion "1"]
[SourceVersionDate "2020.05.31"]
[SourceQuality "1"]

1. d4 d5 2. Bf4 Nf6 3. Nf3 c5 4. e3 Nc6 5. c3 Qb6 6. Qb3 c4 7. Qxb6 axb6 8. h3 b5 9. Na3 Na7 10. Nc2 e6 11. a3 Nd7 12. Nd2 Nf6 13. f3 Be7 14. e4 Nh5 15. Bh2 Bh4+ 16. Kd1 Bg3 17. Bxg3 Nxg3 18. Rg1 0-0 19. Ne3 Rd8 20. Be2 b6 21. Nef1 Nh5 22. g3 Nc6 23. e5 g6 24. f4 Ng7 25. g4 b4 26. cxb4 Nxb4 27. Rb1 Nc6 28. Nf3 b5 29. Ne3 b4 30. axb4 Nxb4 31. Nc2 Nc6 32. Kd2 Na5 33. Kc3 Bd7 34. Nd2 Rdb8 35. Ra1 Bc6 36. Ra3 Nb7 37. Rga1 Rxa3+ 38. Rxa3 Nd8 39. b3 h5 40. bxc4 dxc4 41. Nxc4 Bg2 42. h4 hxg4 43. Bxg4 Bd5 44. Nb4 Rc8 45. Nxd5 Rxc4+ 46. Kxc4 exd5+ 47. Kxd5 Nde6 48. Bxe6 Nxe6 49. Ke4 Ng7 50. d5 Kf8 51. d6 Ke8 52. Ra7 Nf5 53. Kd5 Ng7 54. Kc6 Ne6 55. Ra8+ Nd8+ 56. Kc7 1-0

[Event "Montevideo Trebejos op U1700"]
[Site "Montevideo"]
[Date "2020.01.20"]
[Round "1"]
[White "Segovia, Marc"]
[Black "Umpierrez, Melina"]
[Result "1/2-1/2"]
[WhiteElo "1554"]
[BlackElo "1171"]
[PlyCount "65"]
[EventDate "2020.01.20"]
[EventType "swiss"]
[EventRounds "6"]
[EventCountry "URU"]
[SourceTitle "CBM 195 Extra"]
[Source "ChessBase"]
[SourceDate "2020.05.31"]
[SourceVersion "1"]
[SourceVersionDate "2020.05.31"]
[SourceQuality "1"]

1. d4 d5 2. Bf4 Nf6 3. e3 g6 4. Nc3 a6 5. h4 Bg7 6. h5 gxh5 7. Be2 Bf5 8. Bxh5 Nxh5 9. Qxh5 e6 10. Qe2 Bg6 11. Nf3 Nd7 12. Nh4 Nf6 13. Nxg6 fxg6 14. 0-0-0 Qd7 15. e4 0-0-0 16. e5 Nh5 17. Bg5 Rdf8 18. g4 Nf4 19. Bxf4 Rxf4 20. Kb1 h6 21. Rhg1 Rhf8 22. Rdf1 Qf7 23. Nd1 Rxd4 24. Qe3 Re4 25. Qa7 c6 26. Rg3 Rb4 27. Qc5 Rb5 28. Qc3 Qf4 29. Re1 Qb4 30. Qe3 Qf4 31. Qc3 Qb4 32. Qe3 Qf4 33. Qc3 1/2-1/2

[Event "Montevideo Duchamp Cup 3rd"]
[Site "Montevideo"]
[Date "2019.02.13"]
[Round "6"]
[White "Quevedo, Andreina"]
[Black "Segovia, Marc"]
[Result "1-0"]
[WhiteElo "1819"]
[BlackElo "1607"]
[PlyCount "97"]
[EventDate "2019.02.09"]
[EventType "swiss"]
[EventRounds "9"]
[EventCountry "URU"]
[SourceTitle "CBM 188 Extra"]
[Source "ChessBase"]
[SourceDate "2019.02.26"]
[SourceVersion "1"]
[SourceVersionDate "2019.02.26"]
[SourceQuality "1"]

1. e4 e6 2. d4 d5 3. Nd2 Nf6 4. e5 Nfd7 5. Bd3 c5 6. c3 Nc6 7. Ne2 cxd4 8. cxd4 f6 9. exf6 Nxf6 10. Nf3 Bd6 11. 0-0 Qc7 12. h3 Bd7 13. Be3 0-0 14. Re1 e5 15. dxe5 Bxe5 16. Nxe5 Qxe5 17. Bf4 Qh5 18. Ng3 Qxd1 19. Raxd1 Rfe8 20. a3 Kf7 21. b4 Rxe1+ 22. Rxe1 g6 23. Ne2 Re8 24. Kf1 a6 25. Bb1 Be6 26. Rd1 Rd8 27. Be3 Ne4 28. f3 Nd6 29. Ba2 Nb5 30. Bc1 Ke7 31. Bg5+ Kf7 32. Bxd8 Nxd8 33. Bxd5 Bxd5 34. Rxd5 Ke7 35. a4 Nc7 36. Rd3 Nde6 37. g3 Ne8 38. Nd4 N8g7 39. Nxe6 Nxe6 40. Ke2 Ng5 41. h4 Nf7 42. f4 h5 43. Ke3 Nh6 44. Ke4 Nf5 45. Ke5 b6 46. a5 bxa5 47. bxa5 Kf7 48. Rd7+ Ne7 49. Kd6 1-0

[Event "Montevideo Duchamp Cup 3rd"]
[Site "Montevideo"]
[Date "2019.02.12"]
[Round "5"]
[White "Cucchi, Leonardo"]
[Black "Segovia, Marc"]
[Result "0-1"]
[WhiteElo "1232"]
[BlackElo "1607"]
[PlyCount "72"]
[EventDate "2019.02.09"]
[EventType "swiss"]
[EventRounds "9"]
[EventCountry "URU"]
[SourceTitle "CBM 188 Extra"]
[Source "ChessBase"]
[SourceDate "2019.02.26"]
[SourceVersion "1"]
[SourceVersionDate "2019.02.26"]
[SourceQuality "1"]

1. e4 e6 2. d4 d5 3. e5 c5 4. c3 Nc6 5. Nf3 Bd7 6. Bd3 cxd4 7. cxd4 Nb4 8. Be2 Rc8 9. Na3 Ne7 10. Nb5 Nf5 11. Nc3 Qb6 12. 0-0 Nc6 13. Be3 Qxb2 14. Na4 Qa3 15. Bc1 Qe7 16. Nc5 Ncxd4 17. Nxd7 Nxe2+ 18. Qxe2 Qxd7 19. Qb2 Bc5 20. Qd2 Qa4 21. Qg5 Be7 22. Qd2 Rc2 23. Qd3 Qc4 24. Rd1 Qxd3 25. Rxd3 0-0 26. Rb3 b6 27. Ba3 Rfc8 28. h3 Bxa3 29. Rxa3 Rc1+ 30. Rxc1 Rxc1+ 31. Kh2 Rc7 32. Ne1 Ne7 33. Nd3 Nc6 34. f4 Na5 35. Ra4 Kf8 36. Kg3 Rc3 0-1

[Event "Montevideo Duchamp Cup 3rd"]
[Site "Montevideo"]
[Date "2019.02.10"]
[Round "3"]
[White "Cayetano, Juan"]
[Black "Segovia, Marc"]
[Result "1-0"]
[WhiteElo "1335"]
[BlackElo "1607"]
[PlyCount "99"]
[EventDate "2019.02.09"]
[EventType "swiss"]
[EventRounds "9"]
[EventCountry "URU"]
[SourceTitle "CBM 188 Extra"]
[Source "ChessBase"]
[SourceDate "2019.02.26"]
[SourceVersion "1"]
[SourceVersionDate "2019.02.26"]
[SourceQuality "1"]

1. e4 e6 2. d4 d5 3. exd5 exd5 4. c4 dxc4 5. Bxc4 Nf6 6. Nf3 Bb4+ 7. Nc3 0-0 8. 0-0 Bg4 9. Re1 Nc6 10. Be3 Re8 11. Be2 Nd5 12. Qd3 Nxe3 13. fxe3 Bxf3 14. Bxf3 Ne5 15. Qf1 Nxf3+ 16. Qxf3 c6 17. Rf1 f6 18. Qe2 Qe7 19. Qc4+ Kh8 20. Rf3 Rad8 21. a3 Bd6 22. b4 Qc7 23. Rh3 Bxh2+ 24. Rxh2 Rxe3 25. Ne2 Rde8 26. Qc2 g6 27. Re1 Qe7 28. Qxg6 Rg8 29. Qc2 Rg4 30. Kf2 Rge4 31. Rh3 Rxh3 32. gxh3 Qe6 33. Qd3 Qf5+ 34. Qf3 Qe6 35. Nf4 Qa2+ 36. Re2 Rxe2+ 37. Nxe2 Kg7 38. Qg4+ Kf8 39. Qc8+ Kf7 40. Qxb7+ Kg6 41. Qxc6 Qxa3 42. Nf4+ Kf7 43. Qd7+ Kg8 44. Qe6+ Kg7 45. Qe7+ Kg8 46. Qe8+ Kg7 47. Ne6+ Kh6 48. Qf8+ Kg6 49. Qg8+ Kf5 50. Qg4# 1-0

[Event "Montevideo Noches de Misterio op"]
[Site "Montevideo"]
[Date "2018.05.09"]
[Round "4"]
[White "Segovia, Marc"]
[Black "Avedisian, Alexander"]
[Result "1-0"]
[WhiteElo "1534"]
[BlackElo "1936"]
[PlyCount "113"]
[EventDate "2018.04.18"]
[EventType "swiss"]
[EventRounds "6"]
[EventCountry "URU"]
[SourceTitle "CBM 184 Extra"]
[Source "ChessBase"]
[SourceDate "2018.06.28"]
[SourceVersion "1"]
[SourceVersionDate "2018.06.28"]
[SourceQuality "1"]

1. d4 Nf6 2. Bf4 g6 3. Nc3 Bg7 4. e4 d5 5. e5 Ne4 6. Nxe4 dxe4 7. Qd2 Nc6 8. c3 0-0 9. Bh6 f6 10. h4 fxe5 11. h5 e3 12. Qxe3 exd4 13. Bc4+ Kh8 14. Bxg7+ Kxg7 15. Qc1 Qd6 16. Nf3 Ne5 17. hxg6 Nxf3+ 18. gxf3 Qxg6 19. Kf1 d3 20. Qe3 Bf5 21. Qxe7+ Kh8 22. Qe5+ Rf6 23. Rd1 c6 24. Qd4 c5 25. Qxc5 Rd8 26. Qe5 d2 27. Rxd2 Re8 28. Rd8 Bd3+ 29. Bxd3 Qxd3+ 30. Rxd3 Rxe5 31. Rd7 Rb5 32. Rhxh7+ Kg8 33. Rhg7+ Kf8 34. Rh7 Kg8 35. Rxb7 Rxb2 36. Rxb2 Kxh7 37. Rb7+ Kg6 38. Rxa7 Rxf3 39. Rc7 Rf5 40. a4 Kg5 41. c4 Kf4 42. c5 Kf3 43. Ke1 Re5+ 44. Kd2 Rd5+ 45. Kc3 Kxf2 46. a5 Kf3 47. a6 Ke4 48. Re7+ Kf5 49. Kc4 Rd1 50. Re8 Ra1 51. Kb5 Kf6 52. c6 Rb1+ 53. Kc5 Kf7 54. Rd8 Ke7 55. Rd7+ Ke8 56. a7 Rc1+ 57. Kb6 1-0

[Event "Montevideo Trebejos op 10"]
[Site "Montevideo"]
[Date "2017.10.24"]
[Round "6"]
[White "Segovia, Marc"]
[Black "Chamlian, Aram"]
[Result "1/2-1/2"]
[WhiteElo "1521"]
[BlackElo "1714"]
[PlyCount "77"]
[EventDate "2017.10.03"]
[EventType "swiss"]
[EventRounds "6"]
[EventCountry "URU"]
[SourceTitle "CBM 181 Extra"]
[Source "ChessBase"]
[SourceDate "2017.12.12"]
[SourceVersion "1"]
[SourceVersionDate "2017.12.12"]
[SourceQuality "1"]

1. d4 d5 2. Bf4 Nf6 3. Nf3 Bf5 4. e3 e6 5. Nbd2 Be7 6. Be2 Nbd7 7. Ne5 Nxe5 8. Bxe5 0-0 9. g4 Bg6 10. h4 Ne4 11. h5 Bh4 12. 0-0 Bxh5 13. gxh5 Qg5+ 14. Kh1 Nxf2+ 15. Rxf2 Bxf2 16. Bf4 Qe7 17. Qf1 Bh4 18. Nf3 Bf6 19. Qg2 g6 20. Rg1 Rac8 21. Bd3 Kh8 22. Qh2 g5 23. Nxg5 Bxg5 24. Bxg5 f6 25. Bh4 Rg8 26. Rf1 Rgf8 27. Qf4 Qd7 28. Bxf6+ Rxf6 29. Qxf6+ Qg7 30. Qxg7+ Kxg7 31. Rf3 Re8 32. Kg2 e5 33. dxe5 Rxe5 34. Rf5 Rxe3 35. Rxd5 Re7 36. Kg3 Kh6 37. Kh4 Rf7 38. Kg3 Rg7+ 39. Kh4 1/2-1/2

[Event "Montevideo Trebejos op 10"]
[Site "Montevideo"]
[Date "2017.10.19"]
[Round "5"]
[White "Podesta, Sofia"]
[Black "Segovia, Marc"]
[Result "0-1"]
[WhiteElo "1218"]
[BlackElo "1521"]
[PlyCount "50"]
[EventDate "2017.10.03"]
[EventType "swiss"]
[EventRounds "6"]
[EventCountry "URU"]
[SourceTitle "CBM 181 Extra"]
[Source "ChessBase"]
[SourceDate "2017.12.12"]
[SourceVersion "1"]
[SourceVersionDate "2017.12.12"]
[SourceQuality "1"]

1. d4 Nf6 2. e3 g6 3. Nf3 Bg7 4. Be2 d6 5. 0-0 0-0 6. Nbd2 Nbd7 7. c3 b6 8. Qc2 Bb7 9. Rd1 Rc8 10. e4 e5 11. dxe5 dxe5 12. Nc4 Qe7 13. Bg5 Qe8 14. Nfd2 Nc5 15. f3 Nfd7 16. b4 Ne6 17. Be3 h5 18. Nb3 g5 19. Qd2 Rd8 20. Bxg5 f6 21. Be3 Nb8 22. Qe1 Qg6 23. Ncd2 Kh7 24. Nf1 Nf4 25. Rxd8 Qxg2# 0-1

[Event "Montevideo Trebejos op 10"]
[Site "Montevideo"]
[Date "2017.10.10"]
[Round "3"]
[White "Ponce, Leonardo"]
[Black "Segovia, Marc"]
[Result "1-0"]
[WhiteElo "1691"]
[BlackElo "1521"]
[PlyCount "59"]
[EventDate "2017.10.03"]
[EventType "swiss"]
[EventRounds "6"]
[EventCountry "URU"]
[SourceTitle "CBM 181 Extra"]
[Source "ChessBase"]
[SourceDate "2017.12.12"]
[SourceVersion "1"]
[SourceVersionDate "2017.12.12"]
[SourceQuality "1"]

1. d4 Nf6 2. Nf3 g6 3. Bf4 Bg7 4. e3 0-0 5. Be2 d6 6. Nbd2 c5 7. c3 Qb6 8. Qc1 cxd4 9. exd4 Bf5 10. 0-0 Nc6 11. Nc4 Qd8 12. Ne3 Be4 13. Rd1 Rc8 14. Qd2 Re8 15. Ng5 Nh5 16. Bxh5 gxh5 17. Nxe4 f5 18. Nxf5 e5 19. Bg5 Qd7 20. Nfxd6 exd4 21. Nxe8 Rxe8 22. Nf6+ Bxf6 23. Bxf6 Qf5 24. Qg5+ Qxg5 25. Bxg5 Re2 26. cxd4 Kf7 27. d5 Ne5 28. Re1 Rxe1+ 29. Rxe1 Nd7 30. Re7+ 1-0